BIBLIOTECA

SENCICO

Materiales en interiorismo (Registro nro. 2388)

Detalles MARC
000 -LEADER
fixed length control field 00881nam a2200289Ia 4500
005 - DATE AND TIME OF LATEST TRANSACTION
control field 20251020182541.0
008 - FIXED-LENGTH DATA ELEMENTS--GENERAL INFORMATION
fixed length control field 200515s9999 xx 000 0 und d
020 ## - INTERNATIONAL STANDARD BOOK NUMBER
International Standard Book Number 978-84-9801-631-4
082 ## - DEWEY DECIMAL CLASSIFICATION NUMBER
Classification number 729/B89
100 ## - MAIN ENTRY--PERSONAL NAME
Personal name Brown, Rachael
100 ## - MAIN ENTRY--PERSONAL NAME
Personal name Farrelly, Lorraine
245 #0 - TITLE STATEMENT
Title Materiales en interiorismo
260 ## - PUBLICATION, DISTRIBUTION, ETC.
Place of publication, distribution, etc. Barcelona
260 ## - PUBLICATION, DISTRIBUTION, ETC.
Name of publisher, distributor, etc. Blume
260 ## - PUBLICATION, DISTRIBUTION, ETC.
Date of publication, distribution, etc. 2012
300 ## - PHYSICAL DESCRIPTION
Extent 192 p
300 ## - PHYSICAL DESCRIPTION
Other physical details il.
500 ## - GENERAL NOTE
General note 1 ejemplar
520 ## - SUMMARY, ETC.
Summary, etc. Entender los materiales es la clave para que la creación de un interior sea un éxito. El texto abarca todos los aspectos de sus uso en el diseño de interiores e introduce formas alternativas para desarrollar un concepto, una selección, una aplicación, re
650 ## - SUBJECT ADDED ENTRY--TOPICAL TERM
Topical term or geographic name entry element CERAMICOS
650 ## - SUBJECT ADDED ENTRY--TOPICAL TERM
Topical term or geographic name entry element MADERA
650 ## - SUBJECT ADDED ENTRY--TOPICAL TERM
Topical term or geographic name entry element METALES
650 ## - SUBJECT ADDED ENTRY--TOPICAL TERM
Topical term or geographic name entry element PIEDRA
650 ## - SUBJECT ADDED ENTRY--TOPICAL TERM
Topical term or geographic name entry element POLIMEROS
942 ## - ADDED ENTRY ELEMENTS (KOHA)
Koha item type Libros
Existencias
Fecha de la última vez que lo usaron Pago total Signatura topográfica completa Código de barras Precio efectivo desde Tipo de documento Estado perdido Estado dañado No es para préstamo Retirado Ubicación permanente Ubicación actual Fecha de adquisición
15/05/2020   729/B89 Bib-Lima15052388 15/05/2020 Libros         Biblioteca Central Lima Biblioteca Central Lima 15/05/2020